[Event "CHC_OR02"]
[Site "?"]
[Date "2007.??.??"]
[Round "?"]
[White "Hlavacek, Ladislav"]
[Black "Dojcinovic, Miroslav"]
[Result "1-0"]
[WhiteElo "2002"]
[BlackElo "1605"]
[PlyCount "59"]
[EventDate "2007.??.??"]
[EventType "corr"]
[EventRounds "2"]
[SourceDate "2007.01.09"]

1. c4 e5 2. Nc3 Nf6 3. Nf3 Nc6 4. g3 Bc5 5. Bg2 d6 6. e3 Bf5 7. d4 Bb4 8. O-O
Bxc3 9. bxc3 O-O 10. Nh4 Bg4 11. f3 Bd7 12. e4 exd4 13. cxd4 Qe7 14. Re1 a6 15.
Ba3 Rfe8 16. f4 Bg4 17. Qd3 Nd7 18. e5 g6 19. h3 Bh5 20. Kh2 Qd8 21. exd6 cxd6
22. Rxe8+ Qxe8 23. g4 Qe7 24. Nf3 Bxg4 25. hxg4 Qf6 26. Kg3 Qxf4+ 27. Kxf4 Rd8
28. Rb1 Nce5 29. dxe5 dxe5+ 30. Nxe5 1-0

[Event "CHC_OR02"]
[Site "?"]
[Date "2007.??.??"]
[Round "?"]
[White "Hlavacek, Ladislav"]
[Black "Struzka, Vlastimil"]
[Result "1-0"]
[WhiteElo "2002"]
[BlackElo "2080"]
[PlyCount "35"]
[EventDate "2007.??.??"]
[EventType "corr"]
[EventRounds "2"]
[SourceDate "2007.01.09"]

1. c4 e5 2. Nc3 Nc6 3. e3 Nf6 4. Nf3 Bb4 5. Qc2 Bxc3 6. Qxc3 d6 7. Be2 O-O 8.
d3 Bg4 9. h3 Bh5 10. g4 Bg6 11. e4 Rb8 12. b4 a6 13. b5 axb5 14. cxb5 Ne7 15.
O-O Rc8 16. Qb3 Qd7 17. Nh4 Qxb5 18. Qxb5 1-0

[Event "CHC_OR02"]
[Site "?"]
[Date "2007.??.??"]
[Round "?"]
[White "Dojcinovic, Miroslav"]
[Black "Kratochvil, Jan"]
[Result "0-1"]
[WhiteElo "1605"]
[BlackElo "1815"]
[PlyCount "50"]
[EventDate "2007.??.??"]
[EventType "corr"]
[EventRounds "2"]
[SourceDate "2007.01.09"]

1. e4 e6 2. Nf3 c5 3. d4 cxd4 4. Nxd4 a6 5. Nc3 b5 6. Be2 Qc7 7. O-O Bb7 8. Qd3
Nf6 9. a3 d6 10. Be3 Be7 11. Rfd1 Nbd7 12. f3 O-O 13. Qd2 Rfd8 14. a4 b4 15.
Na2 d5 16. Nxb4 dxe4 17. a5 exf3 18. Bxf3 Ne5 19. Nd3 Nc4 20. Qe2 Bxf3 21. Nxf3
Nxe3 22. Qxe3 Qxc2 23. Nfe5 Bd6 24. b4 Bxe5 25. Nxe5 Rxd1+ 0-1

[Event "CHC_OR02"]
[Site "?"]
[Date "2007.??.??"]
[Round "?"]
[White "Hlavacek, Ladislav"]
[Black "Stastny, Pavel"]
[Result "1/2-1/2"]
[WhiteElo "2002"]
[BlackElo "2021"]
[PlyCount "78"]
[EventDate "2007.??.??"]
[EventType "corr"]
[EventRounds "2"]
[SourceDate "2007.01.09"]

1. d4 Nf6 2. c4 e6 3. Nf3 b6 4. g3 Ba6 5. b3 Bb4+ 6. Bd2 Be7 7. Bg2 O-O 8. Nc3
d5 9. cxd5 exd5 10. O-O Nc6 11. Qc1 h6 12. Rd1 Rc8 13. Bf4 Bd6 14. Be5 Be7 15.
Bh3 Rb8 16. Qf4 Nh5 17. Qf5 Nf6 18. Qc2 Nb4 19. Qb1 Nc6 20. a3 Re8 21. Qc2 Bc8
22. Bxc8 Rxc8 23. Qf5 g6 24. Qf4 g5 25. Qc1 Na5 26. Qc2 Qd7 27. b4 Nc4 28. e4
dxe4 29. Nxe4 Nxe4 30. Qxe4 Bd6 31. Qc2 b5 32. a4 a6 33. axb5 axb5 34. Bxd6
cxd6 35. Re1 Ne3 36. Qd2 Nd5 37. Rxe8+ Rxe8 38. Re1 Rxe1+ 39. Nxe1 Kg7 1/2-1/2

[Event "CHC_OR02"]
[Site "?"]
[Date "2007.??.??"]
[Round "?"]
[White "Kratochvil, Jan"]
[Black "Dojcinovic, Miroslav"]
[Result "1-0"]
[WhiteElo "1815"]
[BlackElo "1605"]
[PlyCount "61"]
[EventDate "2007.??.??"]
[EventType "corr"]
[EventRounds "2"]
[SourceDate "2007.01.09"]

1. c4 e6 2. Nc3 Nf6 3. d4 d5 4. cxd5 exd5 5. Nf3 Bf5 6. Bf4 Nc6 7. e3 Be7 8.
Bb5 Bd7 9. Ne5 Bb4 10. Qb3 Bxc3+ 11. bxc3 Qc8 12. Nxc6 Bxc6 13. Bxc6+ bxc6 14.
Qa3 Qb7 15. O-O Ne4 16. Rfb1 Qc8 17. f3 Nf6 18. h3 Ng8 19. e4 f6 20. Re1 Kf7
21. Qa5 Ne7 22. Bxc7 Qd7 23. Bg3 Nc8 24. c4 Nb6 25. c5 Nc4 26. Qa6 Qc8 27. Qxc8
Rhxc8 28. Rab1 Re8 29. Rb7+ Re7 30. Rxe7+ Kxe7 31. exd5+ 1-0

[Event "CHC_OR02"]
[Site "?"]
[Date "2007.??.??"]
[Round "?"]
[White "Kratochvil, Jan"]
[Black "Hlavacek, Ladislav"]
[Result "0-1"]
[WhiteElo "1815"]
[BlackElo "2002"]
[PlyCount "122"]
[EventDate "2007.??.??"]
[EventType "corr"]
[EventRounds "2"]
[SourceDate "2007.01.09"]

1. c4 e5 2. g3 Nf6 3. Bg2 Nc6 4. Nc3 Bc5 5. a3 O-O 6. b4 Bd4 7. Nf3 d6 8. Bb2
Bg4 9. O-O Qd7 10. Nxd4 Nxd4 11. Bxb7 Rab8 12. Bh1 Qe6 13. f3 Bh3 14. Re1 Qxc4
15. d3 Qe6 16. e3 Nb3 17. Rb1 c5 18. b5 Rfd8 19. g4 c4 20. dxc4 Qxc4 21. Qe2
Qe6 22. Qf2 h5 23. g5 Nd5 24. Nxd5 Qxd5 25. a4 Nc5 26. g6 fxg6 27. Red1 Qb3 28.
f4 Qxa4 29. Bc6 Bg4 30. Ra1 Bxd1 31. Rxa4 Bxa4 32. Qh4 Nd3 33. Ba3 exf4 34.
Bd5+ Kh8 35. Be4 Ne5 36. exf4 d5 37. fxe5 dxe4 38. Bd6 Rbc8 39. Qxe4 Bxb5 40.
Qxg6 Be8 41. Qf5 Kg8 42. Kf2 a5 43. Be7 Rd7 44. Qe6+ Kh7 45. Bd6 a4 46. Ke1
Rdd8 47. Qf5+ Bg6 48. Qf4 Rc2 49. Qxa4 Rdc8 50. e6 Rb2 51. Qd1 Rb1 52. Qxb1
Bxb1 53. e7 g5 54. Ke2 Kg6 55. Ke3 Kf7 56. Kd4 g4 57. Ke3 Rc2 58. Kd4 Rd2+ 59.
Kc5 h4 60. Kc6 Rxd6+ 61. Kxd6 Ke8 0-1

[Event "CHC_OR02"]
[Site "?"]
[Date "2007.??.??"]
[Round "?"]
[White "Hlavacek, Ladislav"]
[Black "Kratochvil, Jan"]
[Result "0-1"]
[WhiteElo "2002"]
[BlackElo "1815"]
[PlyCount "124"]
[EventDate "2007.??.??"]
[EventType "corr"]
[EventRounds "2"]
[SourceDate "2007.01.09"]

1. d4 Nf6 2. c4 e6 3. Nf3 Bb4+ 4. Bd2 Qe7 5. g3 Nc6 6. Bg2 Bxd2+ 7. Nbxd2 d6 8.
O-O a5 9. e3 O-O 10. a3 e5 11. d5 Nb8 12. Qc2 a4 13. Nh4 Na6 14. Qxa4 e4 15.
Bh1 Bh3 16. Rfd1 g5 17. Ng2 Nc5 18. Qc2 Ng4 19. Qc3 f5 20. Nb3 Na4 21. Qc2 Qe5
22. Rd4 Qf6 23. Rd2 Ne5 24. Ne1 c6 25. c5 dxc5 26. Nxc5 Nxc5 27. Qxc5 Rad8 28.
Rc1 Rd6 29. Qa5 Qd8 30. Qc3 Rxd5 31. Qb3 Rf7 32. Rxd5 Qxd5 33. Qxd5 cxd5 34.
Rc5 Rd7 35. Nc2 Kf7 36. Bg2 Bxg2 37. Kxg2 f4 38. Rc8 f3+ 39. Kg1 h5 40. Nd4 Nd3
41. b4 h4 42. b5 Ne5 43. a4 b6 44. Rh8 Kg7 45. Ra8 Kh7 46. Ne6 Re7 47. Nxg5+
Kg6 48. gxh4 Rc7 49. h3 Rc1+ 50. Kh2 Rf1 51. Rg8+ Kf6 52. Rd8 Rxf2+ 53. Kh1 Re2
54. Rd6+ Kf5 55. Ne6 Kg6 56. h5+ Kh6 57. Rd8 Re1+ 58. Kh2 Nf7 59. Rg8 Kxh5 60.
Rf8 Kg6 61. Kg3 Rxe3 62. Nf4+ Kg7 0-1

[Event "CHC_OR02"]
[Site "?"]
[Date "2007.??.??"]
[Round "?"]
[White "Dojcinovic, Miroslav"]
[Black "Stastny, Pavel"]
[Result "0-1"]
[WhiteElo "1605"]
[BlackElo "2021"]
[PlyCount "78"]
[EventDate "2007.??.??"]
[EventType "corr"]
[EventRounds "2"]
[SourceDate "2007.01.09"]

1. d4 Nf6 2. c4 e6 3. Nf3 b6 4. Nc3 Bb7 5. Bf4 Be7 6. e3 Nh5 7. Be5 d6 8. Bg3
O-O 9. Bd3 g6 10. Be4 d5 11. cxd5 exd5 12. Bd3 c5 13. Be5 Nc6 14. Bg3 Nxg3 15.
hxg3 c4 16. Be2 a6 17. Kf1 b5 18. a3 Bf6 19. Kg1 Re8 20. Nd2 Qd6 21. Bf3 Ne7
22. b3 Bc6 23. g4 a5 24. Ne2 a4 25. b4 Bg5 26. Nb1 f5 27. Nbc3 fxg4 28. Bxg4 h5
29. Bf3 Kg7 30. Qc2 Rf8 31. Re1 Nf5 32. Qd1 Nxe3 33. fxe3 Bxe3+ 34. Kf1 Rae8
35. Qc2 Qf6 36. Qb2 Qg5 37. Rd1 Bd7 38. Rh2 Bg4 39. Rd3 cxd3 0-1

[Event "CHC_OR02"]
[Site "?"]
[Date "2007.??.??"]
[Round "?"]
[White "Stastny, Pavel"]
[Black "Dojcinovic, Miroslav"]
[Result "1-0"]
[WhiteElo "2021"]
[BlackElo "1605"]
[PlyCount "55"]
[EventDate "2007.??.??"]
[EventType "corr"]
[EventRounds "2"]
[SourceDate "2007.01.09"]

1. e4 e5 2. Nf3 Nc6 3. Bb5 a6 4. Ba4 b5 5. Bb3 Nf6 6. O-O Be7 7. Re1 O-O 8. a4
Bb7 9. d3 Bc5 10. Nc3 Ng4 11. Rf1 b4 12. Nd5 a5 13. Bg5 Qc8 14. h3 Nxf2 15.
Rxf2 Bxf2+ 16. Kxf2 d6 17. Nh4 Re8 18. Nf5 Re6 19. Nf6+ gxf6 20. Bh6 Ne7 21.
Nxe7+ Rxe7 22. Qf3 Qf8 23. Bxf8 Rxf8 24. Qxf6 Rfe8 25. Rf1 d5 26. exd5 Bc8 27.
Ke1 Rf8 28. Qxe7 1-0

[Event "CHC_OR02"]
[Site "?"]
[Date "2007.??.??"]
[Round "?"]
[White "Stastny, Pavel"]
[Black "Hlavacek, Ladislav"]
[Result "1-0"]
[WhiteElo "2021"]
[BlackElo "2002"]
[PlyCount "83"]
[EventDate "2007.??.??"]
[EventType "corr"]
[EventRounds "2"]
[SourceDate "2007.01.09"]

1. e4 e5 2. Nf3 d6 3. d4 Nf6 4. Nc3 Nbd7 5. Bc4 h6 6. O-O Be7 7. h3 O-O 8. Be3
c6 9. a4 Nxe4 10. Nxe4 d5 11. Nxe5 Nxe5 12. dxe5 dxc4 13. Nd6 Be6 14. Qd4 Qd7
15. Bf4 b6 16. Ra3 g5 17. Bg3 f6 18. Re3 Rad8 19. Qc3 c5 20. a5 b5 21. Qe1 a6
22. Qe2 fxe5 23. Bxe5 Bd5 24. Qh5 Kh7 25. Rfe1 Bxd6 26. Bxd6 Bf7 27. Re7 Kg8
28. Rxd7 Bxh5 29. Bxf8 Rxd7 30. Bxh6 Rd5 31. Re6 Rd1+ 32. Kh2 Rd2 33. Rxa6 Rxc2
34. Bxg5 Rxb2 35. Be3 Ra2 36. Rc6 Be8 37. Rxc5 Rxa5 38. h4 Ra3 39. h5 Ra8 40.
h6 Rd8 41. Bg5 Rd4 42. Rc8 1-0

[Event "CHC_OR02"]
[Site "?"]
[Date "2007.??.??"]
[Round "?"]
[White "Struzka, Vlastimil"]
[Black "Hlavacek, Ladislav"]
[Result "1-0"]
[WhiteElo "2080"]
[BlackElo "2002"]
[PlyCount "67"]
[EventDate "2007.??.??"]
[EventType "corr"]
[EventRounds "2"]
[SourceDate "2007.01.09"]

1. d4 Nf6 2. Nf3 d5 3. Bf4 Bf5 4. e3 e6 5. Bd3 Bxd3 6. Qxd3 Bd6 7. Bg5 Nc6 8.
O-O h6 9. Bxf6 Qxf6 10. c4 dxc4 11. Qxc4 O-O 12. Nbd2 Qf5 13. Rac1 a6 14. a3
Rfd8 15. Rfd1 a5 16. Qb3 Rab8 17. Nc4 Be7 18. Nce5 Nxe5 19. dxe5 c6 20. h3
Rxd1+ 21. Qxd1 Rd8 22. Qa4 Ra8 23. Qd4 Bd8 24. Qd7 Rb8 25. Rc4 Bb6 26. Kh2 g5
27. Rg4 Kh7 28. Rg3 Kg8 29. Qe7 Bd8 30. Qd6 Rc8 31. Nd2 Qg6 32. Nc4 h5 33. Qd7
Rb8 34. Nd6 1-0

[Event "CHC_OR02"]
[Site "?"]
[Date "2007.??.??"]
[Round "?"]
[White "Stastny, Pavel"]
[Black "Kratochvil, Jan"]
[Result "1/2-1/2"]
[WhiteElo "2021"]
[BlackElo "1815"]
[PlyCount "81"]
[EventDate "2007.??.??"]
[EventType "corr"]
[EventRounds "2"]
[SourceDate "2007.01.09"]

1. e4 e5 2. Nf3 Nc6 3. Bb5 Nf6 4. O-O Nxe4 5. d4 Nd6 6. Bxc6 dxc6 7. dxe5 Nf5
8. Qxd8+ Kxd8 9. Nc3 Bd7 10. Rd1 Kc8 11. Ne4 h6 12. g4 Ne7 13. h3 a5 14. Nc5
Be8 15. Nd3 a4 16. Bd2 b6 17. Kg2 c5 18. e6 fxe6 19. Re1 h5 20. Rxe6 hxg4 21.
hxg4 Bd7 22. Re4 Bc6 23. Re6 c4 24. Nf4 a3 25. b3 Bd7 26. Re3 Bxg4 27. Rae1 g5
28. Nxg5 Rg8 29. Nfe6 Nd5 30. Rg3 c3 31. Bc1 Bxe6 32. Nxe6 Rxg3+ 33. fxg3 Bd6
34. Nf4 Bxf4 35. gxf4 Kd7 36. f5 c5 37. Re2 Rf8 38. Rf2 Ke7 39. Bxa3 Ne3+ 40.
Kf3 Nxf5 41. Rh2 1/2-1/2

[Event "CHC_OR02"]
[Site "?"]
[Date "2007.??.??"]
[Round "?"]
[White "Dojcinovic, Miroslav"]
[Black "Struzka, Vlastimil"]
[Result "0-1"]
[WhiteElo "1605"]
[BlackElo "2080"]
[PlyCount "44"]
[EventDate "2007.??.??"]
[EventType "corr"]
[EventRounds "2"]
[SourceDate "2007.01.09"]

1. e4 d6 2. d4 Nf6 3. Nc3 g6 4. Nf3 Bg7 5. Bc4 O-O 6. O-O Nc6 7. Be3 Ng4 8. Bg5
h6 9. Bh4 Nf6 10. d5 Na5 11. Bxf6 Bxf6 12. Bd3 c5 13. Qd2 Bg7 14. Qf4 c4 15.
Be2 Bd7 16. Rfe1 b5 17. a3 Nb7 18. e5 Qc7 19. Bf1 a6 20. a4 Rad8 21. axb5 axb5
22. Rad1 Ra8 0-1

[Event "CHC_OR02"]
[Site "?"]
[Date "2007.??.??"]
[Round "?"]
[White "Struzka, Vlastimil"]
[Black "Skula, Jindrich"]
[Result "1/2-1/2"]
[WhiteElo "2080"]
[BlackElo "1800"]
[PlyCount "38"]
[EventDate "2007.??.??"]
[EventType "corr"]
[EventRounds "2"]
[SourceDate "2007.01.09"]

1. d4 Nf6 2. Nf3 d5 3. Bf4 c5 4. e3 Nc6 5. dxc5 e6 6. Bd3 Bxc5 7. Nc3 O-O 8.
O-O Qe7 9. e4 dxe4 10. Nxe4 Nxe4 11. Bxe4 e5 12. Bg3 f6 13. c3 Be6 14. Qc2 g6
15. Rad1 Rfd8 16. b3 Rxd1 17. Rxd1 Rd8 18. Rd3 Rxd3 19. Qxd3 Qd7 1/2-1/2

[Event "CHC_OR02"]
[Site "?"]
[Date "2007.??.??"]
[Round "?"]
[White "Struzka, Vlastimil"]
[Black "Dojcinovic, Miroslav"]
[Result "1-0"]
[WhiteElo "2082"]
[BlackElo "1605"]
[PlyCount "49"]
[EventDate "2007.??.??"]
[EventType "corr"]
[EventRounds "2"]
[SourceDate "2007.01.09"]

1. d4 d5 2. c4 e6 3. Nc3 Nf6 4. Nf3 Be7 5. Bg5 O-O 6. e3 Nbd7 7. cxd5 exd5 8.
Bd3 c5 9. O-O c4 10. Bc2 h6 11. Bh4 Re8 12. a3 Qa5 13. Ne5 Nxe5 14. dxe5 Ne4
15. Nxd5 Bxh4 16. Bxe4 Be6 17. Qd4 Red8 18. Rfd1 Rac8 19. g3 Rc5 20. gxh4 Rcxd5
21. Bxd5 Rxd5 22. Qe4 Rxe5 23. Qxb7 Kh7 24. Rd6 Qd8 25. Rxd8 1-0

[Event "CHC_OR02"]
[Site "?"]
[Date "2007.??.??"]
[Round "?"]
[White "Struzka, Vlastimil"]
[Black "Kratochvil, Jan"]
[Result "1-0"]
[WhiteElo "2080"]
[BlackElo "1815"]
[Annotator ",r"]
[PlyCount "99"]
[EventDate "2007.??.??"]
[EventType "corr"]
[EventRounds "2"]
[SourceDate "2007.01.09"]

1. d4 d5 2. c4 dxc4 3. e3 Nf6 4. Bxc4 e6 5. Nf3 c5 6. O-O a6 7. dxc5 Qxd1 8.
Rxd1 Bxc5 9. Bd3 b5 10. a4 b4 11. b3 Bb7 12. Bb2 O-O 13. Bxf6 gxf6 14. Nbd2 Nc6
15. Be4 Rac8 16. Rac1 Be7 17. g4 Rfd8 18. Kf1 Ba8 19. h3 h5 20. Ke2 hxg4 21.
hxg4 Rd7 22. Rc4 Rdc7 23. Rdc1 Kf8 24. Nd4 Nxd4+ 25. exd4 Rxc4 26. Rxc4 Rxc4
27. bxc4 Bxe4 28. Nxe4 b3 29. Kd1 f5 30. gxf5 exf5 31. Nc5 Bxc5 32. dxc5 f4 33.
Kc1 Ke7 34. Kb2 Kd7 35. Kxb3 a5 36. f3 Kc6 37. Kc2 Kxc5 38. Kd3 Kb4 39. Kd4
Kxa4 40. c5 Kb5 41. Kd5 Ka6 42. c6 f6 43. Kd6 Kb5 44. c7 Kc4 45. c8=Q+ Kd3 46.
Ke6 a4 47. Kf5 Kd2 48. Kxf4 a3 49. Qa8 Kc3 50. Qxa3+ 1-0

[Event "CHC_OR02"]
[Site "?"]
[Date "2007.??.??"]
[Round "?"]
[White "Struzka, Vlastimil"]
[Black "Stastny, Pavel"]
[Result "1/2-1/2"]
[WhiteElo "2080"]
[BlackElo "2021"]
[PlyCount "122"]
[EventDate "2007.??.??"]
[EventType "corr"]
[EventRounds "2"]
[SourceDate "2007.01.09"]

1. d4 Nf6 2. Nf3 e6 3. Bf4 c5 4. Nc3 Qa5 5. Qd3 cxd4 6. Nxd4 Nc6 7. Ndb5 e5 8.
Bd2 Nb4 9. Qc4 Rb8 10. e4 a6 11. Nc7+ Kd8 12. N7d5 b5 13. Qb3 Nbxd5 14. Nxd5
Qa4 15. f3 Bd6 16. Qd3 Nxd5 17. Qxd5 Ke7 18. Rd1 Rb6 19. Be3 Rc6 20. c3 Re8 21.
Be2 Bb7 22. Rd2 Rb6 23. Qd3 Rc6 24. a3 Qb3 25. O-O Rd8 26. Rfd1 Bc7 27. Kh1 Ke8
28. Qb1 h6 29. Bf2 Bb6 30. Bxb6 Rxb6 31. Qd3 Rc6 32. Qe3 Qe6 33. f4 exf4 34.
Qxf4 Qf6 35. Rf1 Qxf4 36. Rxf4 Re6 37. Bd3 d5 38. exd5 Rxd5 39. Rf1 Rd7 40.
Rfd1 Red6 41. Kg1 Be4 42. Re1 f5 43. Bxe4 Rxd2 44. Bc6+ Kd8 45. Bxd7 Kxd7 46.
b4 Rd3 47. a4 bxa4 48. Ra1 Rxc3 49. Rxa4 Rc6 50. Ra5 Rb6 51. Rxf5 Rxb4 52. Rf7+
Kc6 53. Rxg7 a5 54. Rg6+ Kb5 55. Rxh6 a4 56. Rh5+ Kc4 57. Rh3 Rb6 58. Rf3 Ra6
59. Rf4+ Kd5 60. h4 a3 61. Rf1 a2 1/2-1/2

[Event "CHC_OR02"]
[Site "?"]
[Date "2007.??.??"]
[Round "?"]
[White "Skula, Jindrich"]
[Black "Stastny, Pavel"]
[Result "0-1"]
[WhiteElo "1800"]
[BlackElo "2021"]
[PlyCount "66"]
[EventDate "2007.??.??"]
[EventType "corr"]
[EventRounds "2"]
[SourceDate "2007.01.09"]

1. e4 c5 2. Nf3 Nc6 3. d4 cxd4 4. Nxd4 Nf6 5. Nc3 e5 6. Ndb5 d6 7. Bg5 a6 8.
Na3 b5 9. Bxf6 gxf6 10. Nd5 f5 11. Bd3 Be6 12. O-O Bxd5 13. exd5 Ne7 14. Nxb5
Bg7 15. Nc3 e4 16. Bc4 Qc7 17. Qe2 O-O 18. f3 Qb6+ 19. Kh1 Qxb2 20. Nxe4 fxe4
21. fxe4 a5 22. Rab1 Qd4 23. Bb5 Rab8 24. c4 Ng6 25. Rbd1 Qc5 26. Rd3 Rb7 27.
Rh3 Re7 28. Rh5 h6 29. Qf3 Qd4 30. Rd1 Qxe4 31. Qf1 Qc2 32. a4 Re2 33. Rc1 Qd2
0-1

[Event "CHC_OR02"]
[Site "?"]
[Date "2007.??.??"]
[Round "?"]
[White "Kratochvil, Jan"]
[Black "Stastny, Pavel"]
[Result "1/2-1/2"]
[WhiteElo "1815"]
[BlackElo "2021"]
[PlyCount "111"]
[EventDate "2007.??.??"]
[EventType "corr"]
[EventRounds "2"]
[SourceDate "2007.01.09"]

1. c4 e5 2. Nc3 Nf6 3. Nf3 Nc6 4. a3 e4 5. Ng5 Qe7 6. d3 exd3 7. Qxd3 Ne5 8.
Qc2 d6 9. f4 Ned7 10. e4 g6 11. Be3 Bg7 12. Bd4 O-O 13. Bd3 Nb6 14. O-O-O c5
15. Bg1 Bd7 16. h3 Bc6 17. Bh2 Ne8 18. g4 Nc7 19. Nf3 Ne6 20. Nd5 Qd8 21. g5
Na4 22. Nf6+ Bxf6 23. gxf6 Qxf6 24. f5 Nd4 25. Nxd4 Qxd4 26. Rhe1 Rad8 27. Bf4
Rd7 28. Be3 Qe5 29. Qd2 a6 30. Bf4 Qd4 31. Qc2 Re8 32. Rg1 Qf6 33. Bg5 Qd4 34.
Rg4 b6 35. Bh6 Qe5 36. Bf4 Qg7 37. h4 b5 38. Bg5 b4 39. axb4 cxb4 40. f6 Qf8
41. h5 Nc5 42. Qe2 d5 43. hxg6 fxg6 44. e5 Qf7 45. Bh6 Nxd3+ 46. Rxd3 dxc4 47.
Rxd7 Qxd7 48. Rxc4 Qd5 49. f7+ Kxf7 50. Qf1+ Kg8 51. Rf4 Qc5+ 52. Qc4+ Qxc4+
53. Rxc4 Bd5 54. Rxb4 Rxe5 55. Rb8+ Kf7 56. Rh8 1/2-1/2

[Event "CHC_OR02"]
[Site "?"]
[Date "2007.??.??"]
[Round "?"]
[White "Kratochvil, Jan"]
[Black "Skula, Jindrich"]
[Result "1/2-1/2"]
[WhiteElo "1815"]
[BlackElo "1800"]
[PlyCount "61"]
[EventDate "2007.??.??"]
[EventType "corr"]
[EventRounds "2"]
[SourceDate "2007.01.09"]

1. c4 e5 2. Nc3 Nc6 3. Nf3 Nf6 4. g3 d5 5. cxd5 Nxd5 6. Bg2 Nb6 7. O-O Be7 8.
d3 O-O 9. a3 Be6 10. b4 Nd4 11. Bb2 Nxf3+ 12. Bxf3 c6 13. Ne4 Nd7 14. Qc2 f5
15. Nc5 Nxc5 16. bxc5 Bf6 17. Bg2 f4 18. Rab1 Qe7 19. Ba1 Bd5 20. Bxd5+ cxd5
21. Rb4 a5 22. Rb5 Qd7 23. Rfb1 Ra7 24. a4 d4 25. Qb3+ Kh8 26. Rb6 Qg4 27. Re1
Raa8 28. Qe6 Qxe6 29. Rxe6 fxg3 30. hxg3 Rac8 31. Rc1 1/2-1/2

[Event "CHC_OR02"]
[Site "?"]
[Date "2007.??.??"]
[Round "?"]
[White "Stastny, Pavel"]
[Black "Struzka, Vlastimil"]
[Result "1-0"]
[WhiteElo "2021"]
[BlackElo "2080"]
[PlyCount "146"]
[EventDate "2007.??.??"]
[EventType "corr"]
[EventRounds "2"]
[SourceDate "2007.01.09"]

1. e4 d6 2. d4 Nf6 3. Nc3 g6 4. f3 Bg7 5. Be3 O-O 6. Bc4 c6 7. Bb3 a5 8. a4 Na6
9. Nge2 Nc7 10. O-O Be6 11. d5 Bd7 12. Nf4 Na6 13. Re1 Rc8 14. Qe2 cxd5 15.
exd5 Nc5 16. Bc4 Ne8 17. Bb5 Nc7 18. Bxd7 Nxd7 19. Rad1 Na6 20. Bd4 Bxd4+ 21.
Rxd4 Qb6 22. Nb5 Rfe8 23. Qf2 Ne5 24. b3 Nc7 25. Na3 Qc5 26. Nc4 Nxc4 27. Rxc4
Qxf2+ 28. Kxf2 g5 29. Nd3 Kg7 30. h4 h6 31. hxg5 hxg5 32. Rg4 Kg6 33. f4 f6 34.
fxg5 fxg5 35. c4 e6 36. dxe6 Nxe6 37. Rge4 Rf8+ 38. Kg3 Nc5 39. Nxc5 dxc5 40.
Re7 b6 41. R1e6+ Rf6 42. Rxf6+ Kxf6 43. Rb7 Rc6 44. Kg4 Kg6 45. Rb8 Rd6 46.
Rg8+ Kf7 47. Rxg5 Rd3 48. Rf5+ Kg6 49. Rf3 Rd4+ 50. Kg3 Kg5 51. Re3 Rg4+ 52.
Kf3 Rf4+ 53. Ke2 Rf6 54. Rg3+ Kh4 55. Rg8 Rd6 56. Ke3 Kh5 57. Ke4 Kh6 58. Kf5
Kh7 59. Rb8 Kg7 60. Rb7+ Kf8 61. g4 Ke8 62. g5 Kf8 63. g6 Kg8 64. Kg5 Rd1 65.
Rxb6 Rd3 66. Rb5 Kg7 67. Rxa5 Rg3+ 68. Kf5 Rf3+ 69. Ke6 Rxb3 70. Rxc5 Rb6+ 71.
Kd7 Rb4 72. a5 Ra4 73. Kc7 Kxg6 1-0

[Event "CHC_OR02"]
[Site "?"]
[Date "2007.??.??"]
[Round "?"]
[White "Stastny, Pavel"]
[Black "Skula, Jindrich"]
[Result "1/2-1/2"]
[WhiteElo "2021"]
[BlackElo "1800"]
[PlyCount "81"]
[EventDate "2007.??.??"]
[EventType "corr"]
[EventRounds "2"]
[SourceDate "2007.01.09"]

1. e4 e5 2. Nf3 Nc6 3. Bb5 a6 4. Ba4 Nf6 5. O-O Be7 6. Re1 b5 7. Bb3 O-O 8. c3
d5 9. exd5 Nxd5 10. Nxe5 Nxe5 11. Rxe5 Bb7 12. d4 Qd7 13. Nd2 Nf4 14. Ne4 Bd6
15. Nxd6 cxd6 16. Rg5 Ng6 17. Bd2 Rae8 18. a4 Be4 19. Qh5 Bd3 20. Be3 Rb8 21.
axb5 Rxb5 22. Rxb5 axb5 23. Qf3 Re8 24. Ra8 Nf8 25. h3 Be4 26. Qxf7+ Qxf7 27.
Bxf7+ Kxf7 28. Ra6 d5 29. Ra7+ Re7 30. Rxe7+ Kxe7 31. f3 Bc2 32. Bf4 Nd7 33.
Bc7 Nf6 34. b4 Ne8 35. Be5 Ke6 36. Kf2 g6 37. Bf4 Nd6 38. Bd2 Nc4 39. Bc1 Nb6
40. Be3 Na4 41. Bd2 1/2-1/2

[Event "CHC_OR02"]
[Site "?"]
[Date "2007.??.??"]
[Round "?"]
[White "Hlavacek, Ladislav"]
[Black "Skula, Jindrich"]
[Result "1/2-1/2"]
[WhiteElo "2002"]
[BlackElo "1800"]
[PlyCount "71"]
[EventDate "2007.??.??"]
[EventType "corr"]
[EventRounds "2"]
[SourceDate "2007.01.09"]

1. f4 d5 2. Nf3 g6 3. e3 Bg7 4. Be2 c5 5. O-O Nf6 6. d4 O-O 7. dxc5 Qc7 8. c4
Qxc5 9. Nc3 dxc4 10. Qd4 Qxd4 11. Nxd4 Nc6 12. Nxc6 bxc6 13. Bxc4 Rd8 14. Be2
Nd5 15. Nxd5 cxd5 16. Bd2 Bxb2 17. Rab1 Bg7 18. Ba5 Rd6 19. Bc7 Rc6 20. Rfc1
Rxc1+ 21. Rxc1 Bf5 22. Bf3 Bb2 23. Rc6 e6 24. Kf2 h6 25. Be2 Ba3 26. Ra6 Bc5
27. Ra5 Bb4 28. Ra6 Be4 29. Bb6 Rc8 30. Rxa7 Rc2 31. Ra8+ Kg7 32. Bd4+ f6 33.
a3 Be7 34. Ke1 Bxg2 35. Ra7 Kf8 36. Bd3 1/2-1/2

[Event "CHC_OR02"]
[Site "?"]
[Date "2007.??.??"]
[Round "?"]
[White "Kratochvil, Jan"]
[Black "Struzka, Vlastimil"]
[Result "0-1"]
[WhiteElo "1815"]
[BlackElo "2080"]
[PlyCount "166"]
[EventDate "2007.??.??"]
[EventType "corr"]
[EventRounds "2"]
[SourceDate "2007.01.09"]

1. c4 e5 2. g3 Bc5 3. Nc3 Nf6 4. Bg2 O-O 5. e3 Nc6 6. Nge2 Re8 7. O-O d6 8. h3
Bf5 9. d4 Bb6 10. d5 Nb8 11. e4 Bg6 12. Kh1 a5 13. f3 Nbd7 14. Na4 Ba7 15. Qb3
Nb6 16. Nac3 c6 17. Bg5 h6 18. Bd2 Qe7 19. Na4 Nxa4 20. Qxa4 Rec8 21. Qb3 a4
22. Qd3 h5 23. h4 Nd7 24. f4 Nc5 25. Qb1 exf4 26. Nxf4 Bxe4 27. Qd1 Bxg2+ 28.
Kxg2 Qe4+ 29. Qf3 Qxf3+ 30. Kxf3 Nd7 31. Rac1 Ne5+ 32. Ke2 Re8 33. Kd1 g6 34.
Rc2 Ng4 35. Rf3 Re4 36. Ra3 Bf2 37. dxc6 bxc6 38. b4 Rae8 39. Kc1 Ne5 40. Nh3
Be1 41. Bxe1 Rxe1+ 42. Kb2 Re4 43. Rac3 d5 44. cxd5 cxd5 45. Nf4 Nc4+ 46. Ka1
Ne3 47. Rc1 d4 48. Rc6 Rd8 49. Rc8 Ree8 50. Rxd8 Rxd8 51. Nd3 a3 52. Rc6 Rb8
53. Kb1 Nf5 54. Kc2 Nxg3 55. Kb3 Nf5 56. Kxa3 Nxh4 57. Kb3 Nf3 58. a4 g5 59. b5
g4 60. Rf6 Kg7 61. Rf4 f6 62. Kc4 Rd8 63. Rxf3 gxf3 64. b6 h4 65. Nf2 d3 66.
Nxd3 h3 67. Nf2 h2 68. a5 Rd2 69. b7 Rxf2 70. b8=Q Rc2+ 71. Kb3 h1=Q 72. Qb7+
Kh6 73. Kxc2 Qg2+ 74. Kc3 Qh3 75. Kb4 f2 76. Qa8 Qg4+ 77. Kc5 Qf5+ 78. Kb6 f1=Q
79. Qh8+ Kg5 80. Qg7+ Kf4 81. Qc7+ Kg4 82. Qg7+ Kf3 83. Qc7 Q5b5+ 0-1

[Event "CHC_OR02"]
[Site "?"]
[Date "2007.??.??"]
[Round "?"]
[White "Dojcinovic, Miroslav"]
[Black "Skula, Jindrich"]
[Result "0-1"]
[WhiteElo "1605"]
[BlackElo "1800"]
[PlyCount "76"]
[EventDate "2007.??.??"]
[EventType "corr"]
[EventRounds "2"]
[SourceDate "2007.01.09"]

1. e4 e5 2. Nf3 Nc6 3. Bb5 a6 4. Ba4 Nf6 5. O-O Nxe4 6. Re1 Nc5 7. Nc3 Nxa4 8.
Nxe5 Be7 9. Nd5 Kf8 10. Nxc6 dxc6 11. Nxe7 Be6 12. b3 Qxe7 13. bxa4 Qf6 14. Rb1
b5 15. Qe2 h5 16. Qd3 h4 17. Bb2 Qh6 18. h3 Kg8 19. Re3 Qh7 20. Qxh7+ Kxh7 21.
a3 Rhe8 22. Be5 Rad8 23. d3 Rd7 24. Bc3 g5 25. f4 gxf4 26. Rf3 Rd5 27. Bd2 Rf5
28. Rb4 Bd5 29. Rbxf4 Rxf4 30. Rxf4 Re2 31. Rf2 Rxf2 32. Kxf2 Kg6 33. Ba5 bxa4
34. Bxc7 f6 35. c4 Be6 36. Ke3 Kf5 37. Kd4 Kg5 38. Kc5 Bf5 0-1